| 000 | 00945nam a2200241 i 4500 | ||
|---|---|---|---|
| 001 | 189788 | ||
| 003 | ES-MaACL | ||
| 005 | 20250815004926.0 | ||
| 008 | 191126s1936 sp ab |||| | spa d | ||
| 245 | 0 | 3 |
_aLa época del imperialismo _b: 1890-1933 / _cpor Walter Goetz, Kurt Wiedenfeld, el Conde Max Montgelas, Erich Branderburg ; versión española de Manuel García Morente. |
| 260 |
_aMadrid : _bEspasa-Calpe, _c1936. |
||
| 300 |
_aXVI, 720 p., [22] p. (algunas pleg.) : _bil., mapas ; _c27 cm. |
||
| 650 | 7 |
_aHistoria contemporánea _2embne _913393 |
|
| 650 | 0 | 4 |
_aHistoria contemporánea- _yS.XX _913396 |
| 700 | 1 |
_aGoetz, Walter, _d1867-1958 _957579 |
|
| 700 | 1 |
_aWiedenfeld, Kurt. _9168761 |
|
| 700 | 1 |
_aMontgelas, Max de, _cComte. _982625 |
|
| 700 | 1 |
_aBrandenburg, Erich von. _9168762 |
|
| 700 | 1 |
_aGarcía Morente, Manuel, _d1886-1942 _955002 |
|
| 852 |
_aES-MaACL _jF-15088 |
||
| 942 | _2udc | ||
| 999 |
_c189788 _d189788 |
||